[Event "Challenge"]
[Site "http://www.queenalice.com/game.php?id=1350430"]
[Date "2015.3.28"]
[Round "-"]
[White "ledeon"]
[Black "agcarlon"]
[Result "0-1"]
[WhiteElo "1589"]
[BlackElo "1580"]

1. d4 Nf6 2. Nf3 g6 3. c4 Bg7 4. Na3 c6 5. e3 d5 6. b4 Bg4 7. Qa4 O-O 8. Ne5
Nbd7 9. Nxg4 Nxg4 10. f3 e5 11. fxg4 exd4 12. Be2 d3 13. Rb1 dxe2 14. Kxe2 d4
15. Qc2 Re8 16. Rb3 Qg5 17. h3 dxe3 0-1

[Event "Challenge"]
[Site "http://www.queenalice.com/game.php?id=1351083"]
[Date "2015.4.1"]
[Round "-"]
[White "agcarlon"]
[Black "ledeon"]
[Result "0-1"]
[WhiteElo "1585"]
[BlackElo "1698"]

1. e4 e5 2. f4 exf4 3. Nf3 d6 4. d4 g5 5. h4 g4 6. Ng5 h6 7. Nxf7 Kxf7 8. Bc4+
Be6 9. Bxe6+ Kxe6 10. Qxg4+ Ke7 11. Bxf4 Qd7 12. Qf3 Nc6 13. O-O Re8 14. d5 Kd8
15. dxc6 Qxc6 16. Nc3 Kc8 17. b4 Bg7 18. Rae1 Bxc3 19. Qg4+ Qd7 20. Qxd7+ Kxd7
21. Re3 Bxb4 22. c3 Bc5 23. Kh2 Bxe3 24. Bxe3 Ne7 25. Rf7 Ke6 26. Rg7 Reg8 0-1

[Event "Challenge"]
[Site "http://www.queenalice.com/game.php?id=1351084"]
[Date "2015.4.1"]
[Round "-"]
[White "agcarlon"]
[Black "narazadd"]
[Result "0-1"]
[WhiteElo "1596"]
[BlackElo "1527"]

1. c4 c5 2. Nc3 g6 3. Nf3 Bg7 4. d4 cxd4 5. Nxd4 Nc6 6. Be3 Nf6 7. f3 O-O 8. Qd2
d5 9. Bh6 Nxd4 10. Bxg7 Nxf3+ 11. gxf3 Kxg7 12. Nxd5 Nxd5 13. cxd5 b6 14. O-O-O
Qc7+ 15. Kb1 Bb7 16. Qb4 Rad8 17. e4 e6 18. d6 Qc5 19. Qe1 Rxd6 20. Bd3 Rfd8 21.
Rc1 Qa5 22. Be2 f5 23. h4 fxe4 24. Rc7+ R6d7 25. Qxa5 bxa5 26. Rc5 exf3 27. Bf1
Rd1+ 28. Kc2 Be4+ 29. Kc3 Rc1+ 0-1

[Event "Challenge"]
[Site "http://www.queenalice.com/game.php?id=1351085"]
[Date "2015.4.1"]
[Round "-"]
[White "narazadd"]
[Black "agcarlon"]
[Result "1-0"]
[WhiteElo "1508"]
[BlackElo "1580"]

1. c4 Nf6 2. g3 d5 3. cxd5 Nxd5 4. Bg2 e5 5. Nc3 c6 6. Nf3 Qd6 7. O-O Qg6 8.
Nxd5 cxd5 9. Nxe5 Qh5 10. Qa4+ Nd7 11. d4 Bd6 12. Bf3 Qf5 13. Bg4 Qe4 14. Bxd7+
Ke7 15. Bxc8 Raxc8 16. Qd7+ Kf6 17. Qxf7# 1-0

[Event "Challenge"]
[Site "http://www.queenalice.com/game.php?id=1360553"]
[Date "2015.5.20"]
[Round "-"]
[White "agcarlon"]
[Black "andrelazcano"]
[Result "0-1"]
[WhiteElo "1600"]
[BlackElo "1736"]

1. e4 e5 2. f4 exf4 3. Nf3 Nf6 4. d3 d5 5. e5 Ng4 6. d4 g5 7. c4 Nc6 8. Nc3 Bb4
9. Bd2 dxc4 10. Bxc4 Nxd4 11. Qa4+ Bd7 12. Qd1 Bf5 13. Nd5 Nc2+ 14. Qxc2 Bxc2
15. Bxb4 c6 16. Be7 Qd7 17. Nf6+ Nxf6 18. exf6 g4 19. Ng5 Qd4 20. Bxf7+ Kd7 21.
Be6+ Kc7 22. f7 Qxb2 23. f8=Q Rhxf8 24. O-O Rfe8 25. Bc5 f3 26. Rae1 fxg2 27.
Kxg2 Be4+ 28. Kg3 Qg2+ 29. Kf4 Bd5 30. Rf2 Rf8+ 31. Nf7 Qh3 32. Bxf8 Rxf8 33.
Bxd5 cxd5 34. Re7+ Kb8 35. Rb2 Qf3+ 36. Kg5 Rg8+ 37. Kh6 Qh3# 0-1

[Event "Challenge"]
[Site "http://www.queenalice.com/game.php?id=1360554"]
[Date "2015.5.20"]
[Round "-"]
[White "andrelazcano"]
[Black "agcarlon"]
[Result "0-1"]
[WhiteElo "1747"]
[BlackElo "1589"]

1. e4 c5 2. Nc3 d6 3. Nf3 Bg4 4. Bc4 Nf6 5. h3 Bd7 6. Ng5 e6 7. d4 cxd4 8. Qxd4
Nc6 9. Qd3 Qb6 10. O-O Ne5 11. Qe2 Rc8 12. b3 Nxc4 13. bxc4 Qb4 14. Nb5 Rxc4 15.
Nxa7 Nxe4 16. Nxe4 Rxe4 17. Be3 d5 18. f3 Rc4 19. Rfb1 Qc3 20. Rxb7 Qxa1+ 21.
Kf2 Qxa2 22. Rb8+ Ke7 23. Kg3 Rxc2 24. Qd3 Rxg2+ 25. Kh4 Qa4+ 26. f4 g5+ 27. Kh5
gxf4 28. Ra8 fxe3 29. Nc8+ Kf6 30. Rxa4 Rg5+ 31. Kh4 Bxa4 32. Qxe3 Bh6 33. Qf4+
Kg6 34. Ne7+ Kg7 35. Qxa4 Kf6 36. Nc6 Rf5 37. Qd4+ e5 38. Qxd5 Rf4+ 39. Kg3 Rg8+
40. Kh2 Rf2+ 41. Kh1 Rf1+ 42. Kh2 Bf4# 0-1

[Event "Challenge"]
[Site "http://www.queenalice.com/game.php?id=1364026"]
[Date "2015.6.7"]
[Round "-"]
[White "Mr_SPOCK"]
[Black "agcarlon"]
[Result "0-1"]
[WhiteElo "1707"]
[BlackElo "1592"]

1. e4 c5 2. e5 e6 3. d4 d5 4. exd6 cxd4 5. Qxd4 Nc6 6. Bb5 Qa5+ 7. Nc3 Bd7 8.
Bxc6 Bxc6 9. b4 Qf5 10. Nf3 O-O-O 11. Qxa7 Bxf3 12. g3 Bxh1 13. Bf4 Bxd6 14. Ne2
Bxf4 15. Nd4 Qe5+ 16. Ne2 Qxa1+ 17. Nc1 Qxc1+ 18. Ke2 Qxc2+ 19. Kf1 Qd1# 0-1

[Event "Challenge"]
[Site "http://www.queenalice.com/game.php?id=1364027"]
[Date "2015.6.7"]
[Round "-"]
[White "agcarlon"]
[Black "Mr_SPOCK"]
[Result "0-1"]
[WhiteElo "1613"]
[BlackElo "1693"]

1. e4 e5 2. f4 Nc6 3. d3 Bb4+ 4. c3 Ba5 5. Nf3 Nd4 6. Bd2 Nxf3+ 7. Qxf3 d6 8.
fxe5 dxe5 9. Qg3 Qf6 10. Bg5 Qd6 11. Nd2 Bb6 12. O-O-O Be6 13. b3 Qa3+ 14. Kc2
Qxa2+ 15. Kc1 f6 16. Be3 Ba5 17. b4 Bb6 18. Qxg7 a5 19. Bxb6 axb4 20. Nb1 cxb6
21. Qxh8 bxc3 22. Nxc3 Rc8 23. Rd2 Qa1+ 24. Kc2 Rxc3# 0-1

[Event "Challenge"]
[Site "http://www.queenalice.com/game.php?id=1370491"]
[Date "2015.7.8"]
[Round "-"]
[White "Mr_SPOCK"]
[Black "agcarlon"]
[Result "0-1"]
[WhiteElo "1671"]
[BlackElo "1611"]

1. e4 c5 2. e5 e6 3. d4 f6 4. Nf3 Nc6 5. Bc4 cxd4 6. exf6 Nxf6 7. Bg5 Ne5 8.
Nxe5 Qa5+ 9. Bd2 Qxe5+ 10. Be2 Nd5 11. O-O Bd6 12. f4 Qf5 13. Bh5+ g6 14. Bg4
Qf6 15. c3 Nxf4 16. Bxf4 Bxf4 17. Kh1 dxc3 18. bxc3 O-O 19. Nd2 Qxc3 20. Rf3 Qc6
21. Rc1 Qa6 22. Ra1 b6 23. g3 Bb7 24. Kg2 Bxf3+ 25. Bxf3 Rac8 26. gxf4 Rxf4 27.
Be2 Qa5 28. Nb3 Qg5+ 29. Kh1 Rcf8 30. Qxd7 Qe5 31. Re1 Qe4+ 32. Kg1 R8f7 33.
Qe8+ Kg7 34. Nd2 Rg4+ 35. Bxg4 Qxe1+ 36. Kg2 Rf2+ 37. Kg3 Qg1+ 38. Kh4 Qxh2+ 39.
Kg5 Qh6# 0-1

[Event "Challenge"]
[Site "http://www.queenalice.com/game.php?id=1370505"]
[Date "2015.7.8"]
[Round "-"]
[White "agcarlon"]
[Black "Mr_SPOCK"]
[Result "1-0"]
[WhiteElo "1629"]
[BlackElo "1653"]

1. d4 d5 2. c4 e5 3. e3 e4 4. Nc3 Nf6 5. cxd5 Bb4 6. Bd2 Nxd5 7. Nxe4 Qh4 8. Bd3
Bg4 9. Nf3 Qh5 10. Bxb4 Nxb4 11. Qa4+ N4c6 12. Ned2 O-O 13. Ne5 Nxe5 14. dxe5
Bd7 15. Qe4 g6 16. g4 Bxg4 17. Qxb7 Nd7 18. f3 Qh4+ 19. Ke2 Nc5 20. Qd5 Ne6 21.
fxg4 Qxg4+ 22. Nf3 Qg2+ 23. Kd1 Qxh1+ 24. Kc2 Qxa1 25. Nd4 c6 26. Nxc6 Nc7 27.
Qd6 Rac8 28. Ne7+ Kg7 29. Qf6+ Kh6 30. Qf4+ g5 31. Qf6+ Kh5 32. Be2+ g4 33. Qf5+
Kh6 34. Qf6+ Kh5 35. Qf5+ Kh6 36. Qf4+ Kg7 37. Qg5+ Kh8 38. Qf6# 1-0

[Event "Let's Play Chess!"]
[Site "http://www.queenalice.com/game.php?id=1379212"]
[Date "2015.8.23"]
[Round "-"]
[White "Felipe_Carvalho"]
[Black "agcarlon"]
[Result "1-0"]
[WhiteElo "1799"]
[BlackElo "1620"]

1. e4 c5 2. Nf3 d6 3. d4 cxd4 4. Nxd4 Nf6 5. Nc3 a6 6. Be2 g6 7. Bg5 Bg7 8. Qd2
O-O 9. O-O-O Nc6 10. Nxc6 bxc6 11. e5 Ng4 12. Bxg4 Bxg4 13. f3 Be6 14. exd6 Qb6
15. dxe7 Rfb8 16. Qd8+ Rxd8 17. Rxd8+ Rxd8 18. exd8=Q+ Qxd8 19. Bxd8 Bh6+ 20.
Kd1 Kg7 21. Ne4 Kf8 22. Bf6 Bxa2 23. b3 1-0

[Event "Let's Play Chess!"]
[Site "http://www.queenalice.com/game.php?id=1379215"]
[Date "2015.8.23"]
[Round "-"]
[White "agcarlon"]
[Black "Felipe_Carvalho"]
[Result "0-1"]
[WhiteElo "1630"]
[BlackElo "1789"]

1. e4 e6 2. d4 d5 3. Nc3 Bb4 4. e5 c5 5. Nf3 cxd4 6. Nxd4 Bxc3+ 7. bxc3 Qc7 8.
Nb5 Qxe5+ 9. Be2 a6 10. f4 Qf6 11. Nc7+ Kd8 12. O-O Kxc7 13. Be3 Qxc3 14. Bd4
Qc6 15. Bxg7 f6 16. Bxh8 Nd7 17. g4 Qc5+ 18. Kg2 Qf8 19. Qd2 Ne7 20. Qc3+ Kb8
21. g5 Qxh8 22. gxf6 Qxf6 23. Qxf6 Nxf6 24. c4 d4 25. Bd3 Kc7 26. c5 Ned5 27.
Rfc1 Nxf4+ 28. Kf3 Nxd3 29. Rf1 Nxc5 30. Rac1 Kd6 31. Ke2 Nce4 32. Kd3 e5 33.
Rf5 Bxf5 0-1

[Event "Challenge"]
[Site "http://www.queenalice.com/game.php?id=1379253"]
[Date "2015.8.23"]
[Round "-"]
[White "agcarlon"]
[Black "andrelazcano"]
[Result "0-1"]
[WhiteElo "1628"]
[BlackElo "1699"]

1. d4 e6 2. c4 d5 3. e3 b6 4. Nf3 Nf6 5. Nc3 Ba6 6. b3 Bb4 7. Bd2 Nc6 8. cxd5
Bxc3 9. Bxc3 Bxf1 10. Rxf1 Qxd5 11. Qe2 Ne4 12. Bb2 Nb4 13. Rc1 Rc8 14. h4 Qa5
15. a3 Nd3+ 16. Kd1 Nxc1 17. Kxc1 c5 18. dxc5 Rxc5+ 19. Kd1 Rc3 20. Bxc3 Nxc3+
21. Ke1 Nxe2+ 22. Kxe2 Qb5+ 23. Ke1 Qxb3 24. Ne5 Qc3+ 25. Ke2 Qxe5 26. f4 Qb2+
27. Kf3 Qxa3 28. g4 b5 29. f5 exf5 30. gxf5 Qd3 31. Re1 b4 32. Kf4 b3 33. h5 b2
34. e4 Qd2+ 0-1

[Event "Challenge"]
[Site "http://www.queenalice.com/game.php?id=1379254"]
[Date "2015.8.23"]
[Round "-"]
[White "andrelazcano"]
[Black "agcarlon"]
[Result "0-1"]
[WhiteElo "1720"]
[BlackElo "1588"]

1. e4 c5 2. c3 Nc6 3. Na3 d6 4. Bb5 Nf6 5. Bxc6+ bxc6 6. f3 g6 7. d4 Qa5 8. Bd2
Rb8 9. Nc4 Qb5 10. b3 d5 11. exd5 cxd5 12. Ne5 Bg7 13. Be3 cxd4 14. Qxd4 Nd7 15.
f4 Nxe5 16. fxe5 Bf5 17. Nf3 Qa5 18. O-O O-O 19. Rfd1 Rfc8 20. b4 Qc7 21. Rac1
f6 22. exf6 Bxf6 23. Qxd5+ e6 24. Qd7 Rb7 25. Qxc7 Rbxc7 26. c4 Rxc4 27. Rxc4
Rxc4 28. a3 Bg4 29. Bxa7 e5 30. h3 Bf5 31. Rd6 Rc1+ 32. Kf2 Kf7 33. b5 e4 34.
Ne1 Rc3 35. b6 Bh4+ 36. Kf1 Rc1 37. Kg1 Bg3 38. Kf1 Rxe1# 0-1

[Event "Challenge"]
[Site "http://www.queenalice.com/game.php?id=1380597"]
[Date "2015.8.31"]
[Round "-"]
[White "agcarlon"]
[Black "Mr_SPOCK"]
[Result "0-1"]
[WhiteElo "1646"]
[BlackElo "1647"]

1. d4 d5 2. c4 e6 3. Nc3 dxc4 4. e4 b5 5. Nxb5 Ba6 6. Bxc4 Bxb5 7. Bxb5+ c6 8.
Bc4 Qa5+ 9. Bd2 Bb4 10. Nf3 Nf6 11. Qe2 O-O 12. O-O Bxd2 13. Nxd2 Qg5 14. e5 Ng4
15. Ne4 Qh4 16. h3 Nh6 17. f4 Rd8 18. Rad1 Kh8 19. Kh2 f5 20. Ng5 Ng4+ 21. Kg1
Qg3 22. Nf7+ Kg8 23. Nxd8 Qh2# 0-1

[Event "Challenge"]
[Site "http://www.queenalice.com/game.php?id=1380598"]
[Date "2015.8.31"]
[Round "-"]
[White "Mr_SPOCK"]
[Black "agcarlon"]
[Result "0-1"]
[WhiteElo "1680"]
[BlackElo "1609"]

1. e4 c5 2. e5 Nc6 3. Nf3 e6 4. d4 b6 5. d5 exd5 6. Qxd5 Nb4 7. Qb3 d6 8. Bg5
Be7 9. h4 f6 10. exf6 gxf6 11. Bf4 Qd7 12. Nc3 Qf5 13. Rc1 Qxf4 14. Ne2 Qh6 15.
g4 Ba6 16. c4 O-O-O 17. Bh3 Qg6 18. Nf4 Qe4+ 19. Ne2 Nd3+ 20. Kd2 Nxc1 21. Rxc1
d5 22. g5+ Kc7 23. Ke1 dxc4 24. Qc3 Rd3 25. Nd2 Qh1+ 26. Bf1 Rxc3 27. Rxc3 Qd5
28. Nf4 Qe5+ 29. Ne2 fxg5 30. Nf3 Qg7 31. h5 g4 32. Nd2 b5 33. a3 Nf6 34. Nf4
Kd6 35. f3 b4 36. axb4 cxb4 37. Re3 Nd5 38. Re6+ Kc5 39. Ne4+ Kd4 40. Ne2+ Kd3
41. Rxa6 Qxb2 42. Nc1+ Ke3 43. Kd1 Nc3+ 44. Nxc3 Qd2# 0-1

[Event "Challenge"]
[Site "http://www.queenalice.com/game.php?id=1382035"]
[Date "2015.9.8"]
[Round "-"]
[White "agcarlon"]
[Black "modesto54"]
[Result "0-1"]
[WhiteElo "1611"]
[BlackElo "1428"]

1. c4 e5 2. Nc3 Nf6 3. Nf3 Nc6 4. g3 Bc5 5. d3 O-O 6. Bg2 d6 7. Bg5 h6 8. Bxf6
Qxf6 9. Ne4 Qe7 10. Nxc5 dxc5 11. Qd2 Nd4 12. Nxd4 exd4 13. O-O Re8 14. Rae1 Rb8
15. Qf4 b6 16. e3 dxe3 17. Rxe3 Qd7 18. Rxe8+ Qxe8 19. h4 Be6 20. Qxc7 Rd8 21.
Rd1 Qd7 22. Qe5 Bxc4 23. Be4 Bxa2 24. Qh5 Be6 25. f4 Bg4 26. Re1 Bxh5 0-1

[Event "Challenge"]
[Site "http://www.queenalice.com/game.php?id=1387166"]
[Date "2015.10.3"]
[Round "-"]
[White "andrelazcano"]
[Black "agcarlon"]
[Result "1-0"]
[WhiteElo "1712"]
[BlackElo "1575"]

1. e4 c5 2. Nf3 f6 3. b3 Nc6 4. Bb2 e5 5. Nc3 Nd4 6. Nxd4 cxd4 7. Ne2 Bc5 8. c3
Ne7 9. cxd4 exd4 10. Nxd4 Nc6 11. Qh5+ g6 12. Qxc5 d6 13. Qd5 Nxd4 14. Bxd4 Rf8
15. Bb5+ Bd7 16. Qxb7 Rb8 17. Bxd7+ Qxd7 18. Qxb8+ Ke7 19. Qxa7 Qxa7 20. Bxa7 f5
21. d3 1-0

[Event "Andre 9 x 6 Batata"]
[Site "http://www.queenalice.com/game.php?id=1387167"]
[Date "2015.10.3"]
[Round "-"]
[White "agcarlon"]
[Black "andrelazcano"]
[Result "0-1"]
[WhiteElo "1564"]
[BlackElo "1723"]

1. d4 e6 2. Nf3 Nf6 3. Nc3 b6 4. e4 Bb4 5. Bd2 Bxc3 6. Bxc3 Nxe4 7. d5 f6 8. Bb5
Nxc3 9. bxc3 e5 10. O-O a6 11. Bd3 d6 12. Nh4 b5 13. c4 bxc4 14. Bxc4 Nd7 15.
Qh5+ Ke7 16. Rae1 Nb6 17. Re4 Nxc4 18. Rxc4 a5 19. Nf5+ Kf8 20. Qg4 g6 21. Qh4
Bxf5 22. Qh6+ Kf7 23. g4 Bc8 24. h4 Ba6 25. g5 Bxc4 26. Rd1 Qf8 0-1

[Event "Challenge"]
[Site "http://www.queenalice.com/game.php?id=1387704"]
[Date "2015.10.6"]
[Round "-"]
[White "agcarlon"]
[Black "Mr_SPOCK"]
[Result "0-1"]
[WhiteElo "1615"]
[BlackElo "1722"]

1. c4 e5 2. Nc3 Nf6 3. e4 Nc6 4. Nf3 Bc5 5. a3 a5 6. d3 d6 7. Qe2 Ng4 8. Nd1 O-O
9. h3 Bxf2+ 10. Nxf2 Nf6 11. Ng5 Nd4 12. Qd1 c6 13. Ng4 b5 14. Nxf6+ Qxf6 15.
Qh5 h6 16. Nf3 Nc2+ 17. Kd2 Nxa1 18. Nh4 Nb3+ 0-1

[Event "Challenge"]
[Site "http://www.queenalice.com/game.php?id=1387709"]
[Date "2015.10.6"]
[Round "-"]
[White "Mr_SPOCK"]
[Black "agcarlon"]
[Result "1-0"]
[WhiteElo "1734"]
[BlackElo "1603"]

1. e4 c5 2. e5 e6 3. Nf3 Nc6 4. Nc3 f6 5. d4 d6 6. exf6 Nxf6 7. Bg5 cxd4 8. Nxd4
Qa5 9. Bb5 Bd7 10. a3 d5 11. b4 Nxb4 12. Bd2 Nc6 13. Nxd5 Qd8 14. Ne3 Nxd4 15.
Bxd7+ Qxd7 16. O-O O-O-O 17. c3 Nf5 18. Nxf5 exf5 19. Rb1 1-0

[Event "Let's Play!"]
[Site "http://www.queenalice.com/game.php?id=1387963"]
[Date "2015.10.8"]
[Round "-"]
[White "agcarlon"]
[Black "digger"]
[Result "1-0"]
[WhiteElo "1540"]
[BlackElo "1599"]

1. d4 d5 2. c4 c6 3. Nf3 Bg4 4. Nbd2 Qa5 5. e3 b5 6. cxb5 cxb5 7. a3 b4 8. Nb3
Qa4 9. Qd3 Bxf3 10. gxf3 e6 11. Nc5 Bxc5 12. b3 Qa5 13. Qb5+ Qxb5 14. Bxb5+ Nd7
15. dxc5 Kd8 16. axb4 Ngf6 17. Bb2 Nf8 18. e4 Rg8 19. Ra6 N6d7 20. Rd6 Rb8 21.
Bxd7 Nxd7 22. c6 Rb6 23. Rxd7+ Kc8 24. b5 Rxb5 25. Be5 Rxb3 26. O-O f6 27. Bd6
Rxf3 28. Rb1 Rb3 29. Rxb3 a5 30. Rb8# 1-0

[Event "Let's Play!"]
[Site "http://www.queenalice.com/game.php?id=1387965"]
[Date "2015.10.8"]
[Round "-"]
[White "agcarlon"]
[Black "digger"]
[Result "0-1"]
[WhiteElo "1592"]
[BlackElo "1564"]

1. c4 c5 2. g3 d5 3. e3 Nf6 4. d4 e6 5. cxd5 Qxd5 6. Bb5+ Bd7 7. Qa4 a6 8. Bxd7+
Qxd7 9. Nc3 Qxa4 10. b3 Qb4 11. Bd2 cxd4 12. exd4 Qxd4 13. Nge2 Qd6 14. O-O-O a5
15. Nb5 Qc6+ 16. Nbc3 Ne4 17. Nd4 Qd7 18. Ncb5 Nxf2 19. Bf4 Nxh1 20. Nc7+ Ke7
21. Nf5+ exf5 22. Rxd7+ Kxd7 0-1

[Event "Let's Play!"]
[Site "http://www.queenalice.com/game.php?id=1387966"]
[Date "2015.10.8"]
[Round "-"]
[White "digger"]
[Black "agcarlon"]
[Result "1-0"]
[WhiteElo "1594"]
[BlackElo "1554"]

1. d4 f5 2. Bf4 Nc6 3. d5 e5 4. dxe6 dxe6 5. Qxd8+ Kxd8 6. Nc3 Bd6 7. O-O-O Nf6
8. Bxd6 cxd6 9. Rxd6+ Bd7 10. e3 Kc7 11. Nb5+ Kc8 12. Nf3 a6 13. Nc3 Kc7 14. Rd2
Rhd8 15. Bc4 Nb4 16. a3 Nbd5 17. Nxd5+ exd5 18. Bxd5 Bc6 19. Bxc6 Rxd2 20. Nxd2
bxc6 21. Rd1 Nd5 22. Nb3 Rb8 23. Nc5 Rb6 24. Ne6+ Kd6 25. Nxg7 Kc5 26. Nxf5 a5
27. e4 1-0